| 000 | 00752nam a2200169Ia 4500 | ||
|---|---|---|---|
| 008 | 220216s9999 xx 000 0 und d | ||
| 100 |
_aZheng X I _cet al |
||
| 245 | 0 | _aPromoter trapping system construction of Colletotrichum gloeosporioides and the analysis on pathogenicity-related mutants and T-DNA flanking sequences | |
| 260 | _bClimate Change, Low Carbon Economy and Sustainable Natural Rubber Industry: Preprints of Proceedings of IRRDB International Rubber Conference 2010, 18-19 October 2010 Sanya, Hainan, China, pp. 235-245. | ||
| 650 | _aATMT | ||
| 650 | _aColletotrichum gloeosporioides | ||
| 650 | _aFlanking sequence | ||
| 650 | _aPathogenicity-related mutants | ||
| 650 | _aPromoter trapping | ||
| 650 | _aTAIL-PCR | ||
| 942 | _cJS | ||
| 999 |
_c65943 _d65943 |
||